| 000 | 00658nam a2200169 a 4500 | ||
|---|---|---|---|
| 008 | 180911s2016 ||||||||||||||||| || u | ||
| 050 | _aGT(058)BB/2016 | ||
| 245 | 0 | 0 |
_aBudget bulletin, 2016 _cby Grant Thornton |
| 260 |
_aLusaka: _c2016 |
||
| 300 | _a52p.: ill. | ||
| 650 | 0 | _aENTREPRENEURSHIP | |
| 650 | _aSTRATEGIC PLANNING--SOCIAL ECONOMIC CONDITIONS | ||
| 650 | 0 | _aINDUSTRIAL MANAGEMENT | |
| 650 | 0 | _aSUCCESS IN BUSINESS | |
| 650 | _aSOCIAL ASPECTS--SUSTAINABLE DEVELOPMENT: CULTURAL POLICY | ||
| 995 |
_FCBU-MAIN LIBRARY (Kitwe) _M1 _UAVAILABLE _WSep 11, 2018 _XZambian Periodical _ZUniversity Collection |
||
| 999 |
_c36200 _d36200 |
||